| 000 | 01161nam a2200325Ia 4500 | ||
|---|---|---|---|
| 003 | OSt | ||
| 005 | 20221007125816.0 | ||
| 006 | a|||||r|||| 00| 0 | ||
| 007 | ta | ||
| 008 | 221006b |||||||| |||| 00| 0 eng d | ||
| 020 | _a9780123706126 (hbd) | ||
| 037 |
_b432, 04/02/2009, Ashutosh Technical Books _cTextbook |
||
| 040 |
_aDGL _cDGL _beng |
||
| 041 |
_2eng _aeng |
||
| 082 | _aH4224:5, P8 Carg | ||
| 100 |
_aThorp James H _9722535 |
||
| 245 | 0 |
_aReverine ecosystem synthesis _btowards conceptual cohesiveness in river science Delong Michael D |
|
| 260 |
_aAmsterdam _bElsevier _c2008 |
||
| 300 |
_axv, 208p. _ccm. |
||
| 490 | _aAquatic ecology series | ||
| 500 | _a''References 181-201p''.; ''Index 203-208p''. | ||
| 650 |
_a Ecosystem synthesis _9722536 |
||
| 650 |
_a Hierarchy theory _9722537 |
||
| 650 |
_a Patch dynamics defined _9722538 |
||
| 650 | _aGeology | ||
| 700 |
_a Delong Michael D _9722539 |
||
| 700 |
_a Thoms Martin C _9235923 |
||
| 942 |
_hH4224:5, P8 Carg _cTB _2CC |
||
| 999 |
_c1215859 _d1215859 |
||